[Event "GER-ch U12 Girls"]
[White "Guliyeva, Zahra"]
[Black "Jamalli, Malak"]
[Site "Willingen"]
[Round "7"]
[Result "0-1"]
[Date "2024.05.23"]
[WhiteElo "1093"]
[BlackElo "1197"]
[PlyCount "68"]
[EventDate "2024.05.19"]
[EventType "swiss"]
[EventRounds "9"]
[EventCountry "GER"]
[SourceTitle "CBM 220 Extra"]
[Source "ChessBase"]
[SourceDate "2024.07.31"]
[SourceVersion "1"]
[SourceVersionDate "2024.07.31"]
[SourceQuality "1"]

1. e4 e5 2. Nf3 Nc6 3. Bc4 Bc5 4. 0-0 Nf6 5. Nc3 0-0 6. d3 h6 7. Be3 Bb6 8. d4 d6 9. d5 Na5 10. Be2 c5 11. dxc6 Nxc6 12. Nd5 Nxd5 13. exd5 Ne7 14. b4 Nf5 15. Qd2 Qf6 16. Bxb6 axb6 17. Bd3 Re8 18. Rfe1 e4 19. Rad1 Rxa2 20. Bxe4 Bd7 21. Bxf5 Rxe1+ 22. Rxe1 Qxf5 23. Nd4 Qg6 24. h3 Ra8 25. Qc3 Rc8 26. Qa3 Qf6 27. Rd1 Bf5 28. Nxf5 Qxf5 29. c3 Re8 30. Qa4 Re2 31. f3 Qg5 32. g4 Qe3+ 33. Kh1 Qxf3+ 34. Kg1 Qg2# 0-1

[Event "GER-ch U12 Girls"]
[White "Hladeniuk, Yelyzaveta"]
[Black "Jamalli, Malak"]
[Site "Willingen"]
[Round "1"]
[Result "1-0"]
[Date "2024.05.19"]
[WhiteElo "1645"]
[BlackElo "1197"]
[PlyCount "103"]
[EventDate "2024.05.19"]
[EventType "swiss"]
[EventRounds "9"]
[EventCountry "GER"]
[SourceTitle "CBM 220 Extra"]
[Source "ChessBase"]
[SourceDate "2024.07.31"]
[SourceVersion "1"]
[SourceVersionDate "2024.07.31"]
[SourceQuality "1"]

1. d4 d5 2. c4 e6 3. Nc3 Nf6 4. cxd5 exd5 5. Bg5 Be7 6. e3 0-0 7. Bd3 Nbd7 8. Nf3 c6 9. 0-0 h6 10. Bh4 Re8 11. a3 Qb6 12. Na4 Qc7 13. b4 b5 14. Nb2 Ng4 15. Bxe7 Rxe7 16. h3 Ngf6 17. Rc1 a6 18. Nd2 Nb6 19. Qb3 Ne4 20. Bxe4 dxe4 21. Qc2 Bd7 22. Nb3 Qd6 23. Qc5 Qe6 24. Na5 Nd5 25. Qc2 Qg6 26. Kh2 Re6 27. Rg1 Rf6 28. Nb3 Qh5 29. Rcf1 Bf5 30. g4 Qh4 31. gxf5 Rxf5 32. Rg4 Qh5 33. Qxe4 Nf6 34. Qg2 Nxg4+ 35. Qxg4 Qxg4 36. hxg4 Rg5 37. Rg1 Rd8 38. Nd3 Rd6 39. Ne5 Rf6 40. f4 Rgg6 41. Nxg6 fxg6 42. Nc5 h5 43. g5 Rf7 44. Nxa6 Ra7 45. Nb8 Rxa3 46. Re1 Rc3 47. Na6 Rc2+ 48. Kh1 h4 49. Nc7 Kf7 50. d5 c5 51. d6 cxb4 52. Rd1 1-0